Movies Quiz

Random Movies or Box Office Quiz
Score 0/30 Timer 08:00
1 Play Today
% Correct
Mission: Impossible
96.8%
Twister
94.2%
Independence Day
93.3%
The Hunchback of Notre Dame
89%
The Nutty Professor
86.9%
Space Jam
86.8%
Beavis and Butt-Head Do America
80.2%
Scream
77.9%
Jerry Maguire
77.6%
The Cable Guy
72.4%
The Rock
70.2%
Jingle All the Way
64.8%
101 Dalmatians
63.6%
Ransom
62.8%
The Birdcage
61.9%
% Correct
Michael
57.5%
The English Patient
50.8%
The First Wives Club
50.5%
Star Trek: First Contact
44.1%
A Time to Kill
41.3%
Jack
40.7%
Tin Cup
40.5%
Broken Arrow
36.3%
Eraser
31.2%
Phenomenon
30.8%
Dragonheart
30.5%
Primal Fear
29.6%
Courage Under Fire
20.7%
Sleepers
19.1%
Executive Decision
17.1%
Come Together.
Have Fun.
All Virtual.
We all need to come together. Play Sporcle's virtual live trivia to have fun, connect with people, and get your trivia on. Join a live hosted trivia game for your favorite pub trivia experience done virtually. If a virtual private party is more your thing, go here for details.

You're not logged in!

Compare scores with friends on all Sporcle quizzes.
OR
Log In

Sporcle TV

Today on Sporcle TV


Watch our educational content, quiz creation guides, and fun videos on Sporcle TV.

Show Comments

Extras

Top Quizzes Today


Score Distribution

Paid Content

Your Account Isn't Verified!

In order to create a playlist on Sporcle, you need to verify the email address you used during registration. Go to your Sporcle Settings to finish the process.

Report this User

Report this user for behavior that violates our Community Guidelines.

Details: